Understanding data : principles & practice of statistics
Αποθηκεύτηκε σε:
| Κύριος συγγραφέας: | |
|---|---|
| Άλλοι συγγραφείς: | , |
| Μορφή: | Βιβλίο |
| Γλώσσα: | English |
| Δημοσίευση: |
Brisbane ; : Chichester :
John Wiley,
1998
|
| Θέματα: | |
| Ετικέτες: |
Προσθήκη ετικέτας
Δεν υπάρχουν, Καταχωρήστε ετικέτα πρώτοι!
|
MARC
| LEADER | 00000nam a2200000 i 4500 | ||
|---|---|---|---|
| 001 | 1/103121 | ||
| 008 | 000301s1998 eng d | ||
| 020 | |a 0-471-33734-X | ||
| 035 | |l 10058348 | ||
| 040 | |a GR-MY-UA |b gre |e aacr | ||
| 041 | 0 | |a eng | |
| 082 | 0 | |a 519.5 | |
| 100 | 1 | |a Griffiths, David. | |
| 245 | 1 | 0 | |a Understanding data : |b principles & practice of statistics / |c David Griffiths, W. Douglas Stirling, K. Laurence Weldon |
| 260 | |a Brisbane ; : |a Chichester : |b John Wiley, |c 1998 | ||
| 300 | |a xiv, 401 p.; |b ill.; |c 25 cm. | ||
| 504 | |a Includes index | ||
| 650 | 0 | 0 | |a Statistics. |
| 700 | 0 | |a Stirling, W. Douglas. | |
| 700 | 0 | |a Weldon, K. Laurence. | |
| 852 | |a INST |b SAMOS |e 20000301 |h 519.5 GRI |p 005300018153 |q 005300018153 |t BK |y 0 | ||
| 901 | |a BIBL3-2000-2 | ||
| 909 | |a Σ |b 074051 | ||
| 922 | |a 3ΕΛΗ |b 200001 |c ΒΙΒΛΙΟΘΗΚΗ |d ΠΑΠΑΣΩΤΗΡΙΟΥ | ||
| 950 | |a 127-1999-12-03 | ||
| 970 | |z 2000/05/ELIDOC | ||